01154nam a2200253Ia 4500008004100000020001500041040001800056041000800074100002700082245024200109246006300351260004500414300003300459490005200492504004100544650004500585650002600630651003100656651002300687700004500710700003500755700003400790765007600824130821s1992 sp a gr spa  a8446001438 aCo-BoUCMbspa00aspa1 aLockhart, Jamesd1933-10aAmérica Latina en la edad moderna una historia de la América Española y el Brasil colonialescJames Lockhart y Stuart Barry Schwartz ; traducido por J. G. Pérez Martín ; revisión científica Fernando Jesús Bouza Álvarez04aHistoria de la América Española y el Brasil coloniales aMadrid (España)bAkal Edicionescc1992 a440 páginasbilustraciones 0aAkal universitariav159aSerie historia moderna aIncluye referencias bibliográficas04aCivilización modernazAmérica Latina04aHistoria de América04aAmérica LatinaxHistoria04aEspañaxHistoria1 aBouza Álvarez, Fernando Jesúsd1960-1 aPérez Martín, J. G.etrad.1 aSchwartz, Stuart Barryd1940- 0tEarly Latin America : a history of colonial Spanish America and Brazil.